000 01214nam a22003137a 4500
999 _c33466
_d33466
001 2696
003 CO-MdFUSB
005 20220625062545.0
008 170811t1985 s ||||| |||| 00| 0 s d
020 _a84-7057-365-9
040 _aCO-MdFUSB
_bspa
_cCO-MdFUSB
_dCO-MdFUSBC
_erda
041 0 _aspa
082 0 4 _aG 221.95 S3789h
100 1 _aSchürer, Emil (1844-1910)
_eautor
245 0 _aHistoria del pueblo judío en los tiempos de Jesús 175 a.C.-135 d.C.
_c/ Emil Schürer ; Geza Vermes, Fergus Millar, Matthew Black, Editores ; J. Cosgaya, A. Piñero, Traductores
264 4 _aHuesca, Madrid, España :
_bCristiandad,
_c©1985
336 _2rdacontent
_a1
_ba1
337 _2rdamedia
_a2
_b5
338 _2rdacarrier
_a2
_b5
500 _aTítulo original : The history of the Jewish people in the age of Jesus Christ
650 7 _aLiteratura griega
_9108
650 7 _aJudíos
_9270
_xHistoria
650 7 _aJudaísmo
_xHistoria
_2
_96884
653 _aBiblia N.T. - Historia coetanea
653 _aJudíos - Historia - 168 A.C -135 D.C.
653 _aLiteratura griega - Autores judíos - Historiografía
653 _aJudaísmo - Historia - Periodo post-exilio, 586 A.C. -210 D.C.
942 _cBK